|
|
|
|
| LEADER |
01792nam a2200457 4500 |
| 001 |
ocn730933521 |
| 003 |
OCoLC |
| 005 |
20180501121941.0 |
| 006 |
m o d |
| 007 |
cr cnu---unuuu |
| 008 |
110615s2011 enka ob 001 0 eng d |
| 040 |
|
|
|a N$T
|b eng
|e pn
|c N$T
|d OCLCQ
|d OPELS
|d OCLCQ
|d OCLCF
|d CDX
|d BTCTA
|d YDXCP
|d OCLCQ
|d GrThAP
|
| 019 |
|
|
|a 703205741
|a 745563032
|
| 020 |
|
|
|a 9780123877215
|q (electronic bk.)
|
| 020 |
|
|
|a 0123877210
|q (electronic bk.)
|
| 020 |
|
|
|a 9780123884053
|q (electronic bk.)
|
| 020 |
|
|
|a 0123884055
|q (electronic bk.)
|
| 035 |
|
|
|a (OCoLC)730933521
|z (OCoLC)703205741
|z (OCoLC)745563032
|
| 050 |
|
4 |
|a QH602
|b .A28eb vol. 13
|
| 060 |
|
4 |
|a QU 350
|
| 072 |
|
7 |
|a SCI
|x 007000
|2 bisacsh
|
| 082 |
0 |
4 |
|a 572/.577
|2 23
|
| 049 |
|
|
|a TEFA
|
| 245 |
0 |
0 |
|a Advances in planar lipid bilayers and liposomes.
|n Volume 13 /
|c editor, Aleš Iglič.
|
| 250 |
|
|
|a 1st ed.
|
| 260 |
|
|
|a Oxford, UK ;
|a Waltham, MA :
|b Academic Press,
|c 2011.
|
| 300 |
|
|
|a 1 online resource (xii, 226 pages) :
|b illustrations
|
| 336 |
|
|
|a text
|b txt
|2 rdacontent
|
| 337 |
|
|
|a computer
|b c
|2 rdamedia
|
| 338 |
|
|
|a online resource
|b cr
|2 rdacarrier
|
| 504 |
|
|
|a Includes bibliographical references and index.
|
| 588 |
0 |
|
|a Print version record.
|
| 650 |
|
0 |
|a Bilayer lipid membranes.
|
| 650 |
|
0 |
|a Liposomes.
|
| 650 |
|
7 |
|a SCIENCE
|x Life Sciences
|x Biochemistry.
|2 bisacsh
|
| 650 |
|
7 |
|a Bilayer lipid membranes.
|2 fast
|0 (OCoLC)fst00831683
|
| 650 |
|
7 |
|a Liposomes.
|2 fast
|0 (OCoLC)fst00999411
|
| 655 |
|
4 |
|a Electronic books.
|
| 700 |
1 |
|
|a Iglič, Aleš,
|d 1960-
|
| 776 |
0 |
8 |
|i Print version:
|t Advances in Planar Lipid Bilayers and Liposomes.
|d Academic Pr 2011
|z 9780123877215
|w (OCoLC)703205741
|
| 856 |
4 |
0 |
|u https://www.sciencedirect.com/science/bookseries/15544516/13
|z Full Text via HEAL-Link
|